○○[東/西/南/北]という名前の駅 - Statistics

General Stats
  • This quiz has been taken 204 times
  • The average score is 10 of 55
Answer Stats
都道府県 駅名 % Correct
神奈川 センター南
58%
神奈川 センター北
58%
大阪 堺東
43%
東京 西新井大師西
39%
東京 立川北
37%
東京 立川南
36%
大阪 八尾南
33%
大阪 門真南
32%
広島 中野東
28%
京都 梅小路京都西
28%
山形 天童南
24%
福岡 天神南
24%
愛知 瑞穂運動場東
22%
愛知 瑞穂運動場西
22%
福岡 博多南
22%
広島 紙屋町東
21%
宮城 長町南
21%
北海道 新道東
20%
広島 紙屋町西
20%
大阪 住吉東
17%
大阪 ポートタウン東
17%
愛知 熱田神宮西
17%
大阪 ポートタウン西
17%
大阪 彩都西
17%
北海道 環状通東
16%
大阪 南港東
16%
栃木 ゆいの杜西
14%
広島 草津南
14%
香川 古高松南
14%
愛知 鳴子北
14%
北海道 北13条東
14%
栃木 ゆいの杜東
13%
愛知 公園西
13%
秋田 十和田南
13%
兵庫 西神南
13%
千葉 千城台北
13%
福井 サンドーム西
12%
北海道 発寒南
12%
神奈川 並木北
12%
長野 伊那北
12%
広島 阿品東
11%
愛知 陶磁資料館南
11%
秋田 前田南
10%
福岡 都府楼南
10%
福島 芦ノ牧温泉南
7%
広島 祇園新橋北
7%
兵庫 河合西
6%
大阪 石津北
6%
広島 舟入南
5%
大阪 衣摺加美北
5%
鹿児島 郡元南
4%
「○○東」
1%
「○○西」
1%
「○○南」
1%
「○○北」
1%
No matching quizzes found
Score Distribution
Percent of People with Each Score
Percentile by Number Answered
Your Score History
You have not taken this quiz